[Event "Oslo Chess International - Håvard Vederhus' memorial"]
[Site "Ullevaal Stadion"]
[Date "2013.09.29"]
[Round "4"]
[White "Lampert, Jonas"]
[Black "Røyset, Pål"]
[Result "1-0"]
[WhiteElo "2376"]
[BlackElo "2179"]
[PlyCount "53"]
[EventDate "2013.??.??"]

1. e4 c5 2. Nf3 d6 3. d4 cxd4 4. Nxd4 Nf6 5. Nc3 a6 6. Bg5 e6 7. f4 h6 8. Bh4
g5 9. fxg5 Nh7 10. Bc4 hxg5 11. Bg3 Qc7 12. Bb3 Nc6 13. Rf1 Nxd4 14. Qxd4 Rg8
15. O-O-O Bg7 16. Bxd6 Bxd4 17. Bxc7 Bf6 18. Na4 b5 19. Nb6 Ra7 20. Bb8 Rb7 21.
Nxc8 Rxb8 22. Nd6+ Kd7 23. e5 Bg7 24. Rxf7+ Kc6 25. Bxe6 Bxe5 26. Bd7+ Kc7 27.
Rxh7
1-0

[Event "Oslo Chess International - Håvard Vederhus' memorial"]
[Site "Ullevaal Stadion"]
[Date "2013.09.29"]
[Round "4"]
[White "Schoellmann, Jochen"]
[Black "Grønn, Atle"]
[Result "1-0"]
[WhiteElo "2268"]
[BlackElo "2372"]
[PlyCount "143"]
[EventDate "2013.??.??"]

1. d4 Nf6 2. c4 c5 3. d5 e6 4. Nc3 exd5 5. cxd5 d6 6. e4 g6 7. Bd3 Bg7 8. h3
O-O 9. Bg5 Re8 10. Nf3 c4 11. Bc2 b5 12. a3 Nbd7 13. O-O Qb6 14. Re1 Bb7 15.
Be3 Nc5 16. Bd4 a5 17. Nd2 a4 18. Kf1 Qa6 19. Na2 Nb3 20. Nb4 Qa5 21. Bxb3 axb3
22. Qf3 Nd7 23. Bxg7 Kxg7 24. Qc3+ f6 25. Rac1 Nc5 26. Re2 Na4 27. Qd4 Rac8 28.
Nb1 Qb6 29. Qxb6 Nxb6 30. Nc3 Rc5 31. f3 Kf7 32. Kf2 f5 33. Re3 Nd7 34. exf5
gxf5 35. Rxe8 Kxe8 36. Ke3 Nb6 37. Kd4 Kf7 38. Re1 Bc8 39. h4 Bd7 40. g4 Na4
41. Nxa4 bxa4 42. g5 Bb5 43. Kc3 Bd7 44. h5 Rc8 45. f4 Kf8 46. Re3 Kf7 47. Kd4
Bb5 48. Nc6 Bxc6 49. dxc6 Rxc6 50. Rc3 Rc7 51. Rxc4 Re7 52. Kd5 Re2 53. Kxd6
Rxb2 54. Rc7+ Kg8 55. Ke6 Rc2 56. Rb7 h6 57. g6 Rc6+ 58. Kxf5 Rc5+ 59. Ke6 Rc6+
60. Kd5 Ra6 61. f5 Ra5+ 62. Ke4 Ra6 63. Kd4 Rc6 64. Rb5 Kf8 65. Ke5 b2 66. Rxb2
Rc5+ 67. Ke6 Rc6+ 68. Kd5 Ra6 69. Rb5 Ra7 70. f6 Ra8 71. Ke6 Re8+ 72. Kf5
1-0

[Event "Oslo Chess International - Håvard Vederhus' memorial"]
[Site "Ullevaal Stadion"]
[Date "2013.09.29"]
[Round "4"]
[White "Koskela, Niina"]
[Black "Haugli, Petter"]
[Result "0-1"]
[WhiteElo "2220"]
[BlackElo "2293"]
[PlyCount "132"]
[EventDate "2013.??.??"]

1. e4 c5 2. Nf3 e6 3. d3 Nc6 4. g3 Nf6 5. Bg2 Be7 6. O-O O-O 7. c3 d5 8. e5 Nd7
9. d4 b6 10. Re1 Ba6 11. a3 Qc7 12. Nbd2 Bd3 13. Nf1 Be4 14. Bf4 Na5 15. N1d2
Bd3 16. Re3 Bf5 17. b4 Nc6 18. h4 h6 19. Rc1 Qd8 20. Re1 Rc8 21. Nf1 Re8 22.
Qd2 Bf8 23. N3h2 a5 24. b5 Ne7 25. g4 Bh7 26. h5 Kh8 27. Ng3 Ng8 28. g5 cxd4
29. cxd4 Bxa3 30. Rxc8 Qxc8 31. Qe3 hxg5 32. Bxg5 Be7 33. Bxe7 Nxe7 34. Rc1 Qd8
35. h6 Rg8 36. Qf4 Nf5 37. Nxf5 Bxf5 38. hxg7+ Rxg7 39. Nf3 Be4 40. Kf1 Bd3+
41. Kg1 Be4 42. Rc3 Kg8 43. Kf1 Qe7 44. Ne1 Bxg2+ 45. Nxg2 Qb4 46. Rh3 Qxb5+
47. Kg1 Qb1+ 48. Kh2 Nf8 49. Qh4 Rh7 50. Qg3+ Kh8 51. Qg5 Rxh3+ 52. Kxh3 a4 53.
Nh4 a3 54. Qe7 Kg8 55. Qxa3 b5 56. Qg3+ Ng6 57. Nxg6 Qxg6 58. Qc3 Qf5+ 59. Kg3
Qb1 60. f3 b4 61. Qc8+ Kg7 62. Qd8 Qc1 63. Kf2 b3 64. Qb6 Qc2+ 65. Ke3 b2 66.
Qd8 Qg6
0-1

[Event "Oslo Chess International - Håvard Vederhus' memorial"]
[Site "Ullevaal Stadion"]
[Date "2013.09.29"]
[Round "4"]
[White "Strand, Håkon"]
[Black "Vaarala, Eric"]
[Result "0-1"]
[WhiteElo "2151"]
[BlackElo "2289"]
[PlyCount "62"]
[EventDate "2013.??.??"]

1. e4 c5 2. Nf3 b6 3. d4 cxd4 4. Nxd4 Bb7 5. Nc3 a6 6. Bg5 h6 7. Bh4 Nc6 8. Qd2
Nf6 9. Be2 e6 10. Nxc6 dxc6 11. Qe3 Bc5 12. Qf3 Bd4 13. O-O-O c5 14. Qh3 Qc7
15. Bg3 Qc6 16. e5 Bxc3 17. exf6 Bxf6 18. Rd6 Qxg2 19. Qxg2 Bxg2 20. Rg1 Bd5
21. Rxb6 O-O 22. Bf4 Kh8 23. a4 c4 24. Kb1 Bd4 25. Rb4 Bxf2 26. Rf1 Bc5 27.
Rxc4 Bxc4 28. Bxc4 a5 29. Be5 f6 30. Bc3 e5 31. Rd1 Bb4
0-1

[Event "Oslo Chess International - Håvard Vederhus' memorial"]
[Site "Ullevaal Stadion"]
[Date "2013.09.29"]
[Round "4"]
[White "Nagarajan, Raghavi"]
[Black "Kvisvik, Brede Alex."]
[Result "1/2-1/2"]
[WhiteElo "2174"]
[BlackElo "2270"]
[PlyCount "41"]
[EventDate "2013.??.??"]

1. e4 e5 2. Nf3 Nc6 3. Bb5 Nf6 4. O-O Nxe4 5. d4 Nd6 6. Ba4 e4 7. Re1 Be7 8.
Ne5 O-O 9. Nc3 Nf5 10. Rxe4 Nxe5 11. dxe5 d6 12. Bf4 dxe5 13. Qxd8 Rxd8 14.
Bxe5 Nd6 15. Rd4 Be6 16. Nd5 Bxd5 17. Rxd5 c6 18. Rdd1 Ne8 19. Bb3 Bf6 20. Bxf6
Nxf6 21. f3
1/2-1/2

[Event "Oslo Chess International - Håvard Vederhus' memorial"]
[Site "Ullevaal Stadion"]
[Date "2013.09.29"]
[Round "4"]
[White "Andersen, Alf Roger"]
[Black "Mikalsen, Erlend"]
[Result "1-0"]
[WhiteElo "2207"]
[BlackElo "2145"]
[PlyCount "57"]
[EventDate "2013.??.??"]

1. e4 c5 2. f4 d5 3. exd5 Nf6 4. b3 Nxd5 5. Bb2 Nxf4 6. Qf3 Ne6 7. Bb5+ Nc6 8.
Ne2 Bd7 9. O-O f6 10. Na3 Ng5 11. Qe3 e5 12. Rae1 Nf7 13. Qg3 Qb6 14. Nc3 Be6
15. Bc4 Bxc4 16. Nxc4 Qd8 17. Kh1 Qd7 18. Nb5 Nd4 19. Nxd4 cxd4 20. c3 d3 21.
Ne3 h5 22. c4 h4 23. Qg6 Rh6 24. Qf5 O-O-O 25. Qxd7+ Rxd7 26. Nd5 Ng5 27. Bxe5
Bd6 28. Bxd6 Rxd6 29. Ne7+
1-0

[Event "Oslo Chess International - Håvard Vederhus' memorial"]
[Site "Ullevaal Stadion"]
[Date "2013.09.29"]
[Round "5"]
[White "Postny, Evgeny"]
[Black "Andersen, Mads"]
[Result "1/2-1/2"]
[WhiteElo "2628"]
[BlackElo "2479"]
[PlyCount "109"]
[EventDate "2013.??.??"]

1. d4 d5 2. c4 c6 3. Nf3 Nf6 4. Nc3 e6 5. Bg5 h6 6. Bxf6 Qxf6 7. e3 Nd7 8. Be2
dxc4 9. Bxc4 g6 10. O-O Bg7 11. e4 e5 12. d5 Nb6 13. Bb3 Bg4 14. Rc1 Bxf3 15.
Qxf3 Qxf3 16. gxf3 Ke7 17. Na4 Rhc8 18. dxc6 Rxc6 19. Nxb6 axb6 20. Bd5 Rxc1
21. Rxc1 Kd8 22. Bxf7 g5 23. Be6 Bf8 24. a3 Bc5 25. Kg2 Bd4 26. Rc2 Ra5 27.
Rc8+ Ke7 28. Bd5 Rc5 29. Rh8 Rc2 30. Rh7+ Kf6 31. Rxh6+ Kg7 32. Re6 Rxb2 33.
Kg3 Rxf2 34. h3 Rf1 35. Kg4 Rg1+ 36. Kf5 Rg3 37. Rg6+ Kh7 38. Bg8+ Kh8 39. Be6
Rxf3+ 40. Kxg5 Bc5 41. Bf5 Be7+ 42. Kh5 Rxa3 43. Re6 Bc5 44. Rxe5 Kg7 45. Re6
b5 46. e5 Ra6 47. Re8 Rh6+ 48. Kg5 Rh8 49. Re6 Rh6 50. Rxh6 Be3+ 51. Kh5 Bxh6
52. e6 Be3 53. e7 Kf7 54. Bd7 Kxe7 55. Bxb5
1/2-1/2

[Event "Oslo Chess International - Håvard Vederhus' memorial"]
[Site "Ullevaal Stadion"]
[Date "2013.09.29"]
[Round "5"]
[White "Bok, Benjamin"]
[Black "Rozentalis, Eduardas"]
[Result "1/2-1/2"]
[WhiteElo "2520"]
[BlackElo "2614"]
[PlyCount "41"]
[EventDate "2013.??.??"]

1. e4 e5 2. Nf3 Nf6 3. Nxe5 d6 4. Nf3 Nxe4 5. d4 Be7 6. Bd3 Ng5 7. Nxg5 Bxg5 8.
O-O O-O 9. Nd2 Nd7 10. Ne4 Bxc1 11. Rxc1 Nf6 12. Ng3 c6 13. c4 Qa5 14. a3 Be6
15. Qe1 Qxe1 16. Rfxe1 Rfe8 17. f3 Kf8 18. Kf2 c5 19. Ne2 Bd7 20. h4 Re7 21.
Nf4
1/2-1/2

[Event "Oslo Chess International - Håvard Vederhus' memorial"]
[Site "Ullevaal Stadion"]
[Date "2013.09.29"]
[Round "5"]
[White "Svane, Rasmus"]
[Black "Turov, Maxim"]
[Result "0-1"]
[WhiteElo "2445"]
[BlackElo "2586"]
[PlyCount "74"]
[EventDate "2013.??.??"]

1. d4 Nf6 2. c4 g6 3. Nc3 d5 4. Bf4 Bg7 5. e3 O-O 6. Rc1 c5 7. dxc5 Be6 8. Nf3
Nc6 9. Ng5 Qa5 10. Nxe6 fxe6 11. Qa4 Qxc5 12. Qb5 Qxb5 13. cxb5 Na5 14. Bd3
Rac8 15. Ke2 Nd7 16. Na4 e5 17. Bg5 e4 18. Bb1 e6 19. Rhd1 Nc4 20. Bxe4 Nxb2
21. Rxc8 Rxc8 22. Nxb2 Bxb2 23. Bd3 Nb6 24. f4 Na4 25. Kf3 Kf7 26. g4 Rc3 27.
h4 Bc1 28. Bf1 Nb2 29. Re1 d4 30. Ke4 d3 31. Rxc1 Rxc1 32. Bxd3 Nxd3 33. Kxd3
Ra1 34. h5 gxh5 35. gxh5 Rxa2 36. e4 Rb2 37. Kc4 a6
0-1

[Event "Oslo Chess International - Håvard Vederhus' memorial"]
[Site "Ullevaal Stadion"]
[Date "2013.09.29"]
[Round "5"]
[White "Solodovnichenko, Yuri"]
[Black "Getz, Nicolai"]
[Result "0-1"]
[WhiteElo "2577"]
[BlackElo "2358"]
[PlyCount "90"]
[EventDate "2013.??.??"]

1. e4 e5 2. Nf3 Nc6 3. d4 exd4 4. Nxd4 Nf6 5. Nxc6 bxc6 6. e5 Qe7 7. Qe2 Nd5 8.
c4 Ba6 9. b3 g6 10. Ba3 Qxa3 11. Nxa3 Bb4+ 12. Qd2 Bxd2+ 13. Kxd2 Nf4 14. g3
Ne6 15. Bg2 O-O-O 16. Kc3 Bb7 17. Rhe1 d5 18. exd6 cxd6 19. Bh3 Rhe8 20. c5 f5
21. cxd6 Rxd6 22. Nc4 Rdd8 23. Re5 Nc7 24. Rxe8 Nxe8 25. Bg2 c5 26. Bxb7+ Kxb7
27. Re1 Nf6 28. Na5+ Kc7 29. Re6 Ne4+ 30. Kc4 Rd4+ 31. Kb5 Rb4+ 32. Ka6 Rb6+
33. Rxb6 axb6 34. Nc4 Nxf2 35. Nxb6 Kc6 36. Nc8 Nd3 37. a3 Kc7 38. Ne7 Kd6 39.
Ng8 Kc6 40. h4 Ne5 41. h5 Kd6 42. Nf6 Ke7 43. Nxh7 gxh5 44. Kb5 Nf3 45. Kxc5 f4
0-1

[Event "Oslo Chess International - Håvard Vederhus' memorial"]
[Site "Ullevaal Stadion"]
[Date "2013.09.29"]
[Round "5"]
[White "Narciso Dublan, Marc"]
[Black "Nijs, Nils"]
[Result "1-0"]
[WhiteElo "2509"]
[BlackElo "2298"]
[PlyCount "75"]
[EventDate "2013.??.??"]

1. d4 g6 2. e4 Bg7 3. c4 d6 4. Nc3 e5 5. dxe5 dxe5 6. Qxd8+ Kxd8 7. f4 Nc6 8.
Nf3 Be6 9. fxe5 Nxe5 10. Bg5+ f6 11. O-O-O+ Ke7 12. Bh4 Nxf3 13. gxf3 c6 14. e5
g5 15. Rg1 h6 16. Ne4 f5 17. Nc5 Bxe5 18. Bg3 f4 19. Bf2 Bf5 20. Bd3 Kf6 21.
Bxf5 Kxf5 22. Nxb7 Bxb2+ 23. Kxb2 Rb8 24. Kc3 Rxb7 25. Rd6 Rhh7 26. Rxc6 Rbc7
27. Ra6 Nf6 28. Rd1 Rhd7 29. Rxd7 Rxd7 30. Bd4 Rf7 31. Rxa7 Rxa7 32. Bxa7 g4
33. fxg4+ Nxg4 34. h3 Nf6 35. a4 Ke4 36. a5 f3 37. a6 Nd7 38. Bg1
1-0

[Event "Oslo Chess International - Håvard Vederhus' memorial"]
[Site "Ullevaal Stadion"]
[Date "2013.09.29"]
[Round "5"]
[White "Elsness, Frode"]
[Black "Persson, Mats"]
[Result "1-0"]
[WhiteElo "2505"]
[BlackElo "2238"]
[PlyCount "131"]
[EventDate "2013.??.??"]

1. Nf3 Nf6 2. c4 e6 3. g3 d5 4. Bg2 c5 5. cxd5 exd5 6. d4 Nc6 7. O-O Be7 8. Nc3
O-O 9. Bg5 cxd4 10. Nxd4 h6 11. Be3 Bg4 12. h3 Be6 13. Qa4 Qd7 14. Nxe6 fxe6
15. Rad1 Rac8 16. f4 Bb4 17. Bf2 Qe7 18. Kh2 Kh8 19. Rd3 e5 20. Nxd5 Nxd5 21.
Rxd5 exf4 22. Qd1 fxg3+ 23. Bxg3 Rxf1 24. Bxf1 Rd8 25. Rxd8+ Nxd8 26. Qd5 Nf7
27. Bf2 Bd6+ 28. Kg2 b6 29. e3 Ne5 30. Qa8+ Kh7 31. Qe4+ Kh8 32. Bh4 Qc7 33.
Bg3 Qe7 34. Qa8+ Kh7 35. Qe4+ Kh8 36. Be2 g5 37. Bd1 Nf7 38. Qxe7 Bxe7 39. Bb8
a5 40. Bc7 Bc5 41. Kf3 Nd6 42. Be2 Kg7 43. Kg4 Kf7 44. Kh5 Ke7 45. Bg4 Bxe3 46.
Kxh6 a4 47. Kg6 Nc4 48. b3 axb3 49. axb3 Nd6 50. Bb8 Bf4 51. Ba7 Be3 52. Bb8
Bf4 53. Bc7 Be3 54. Bf5 Nb5 55. Be5 Nd4 56. b4 Nf3 57. Bf6+ Kd6 58. Be4 Ne5+
59. Kf5 Nc6 60. Bxc6 Kxc6 61. Bxg5 Bd4 62. h4 Kd7 63. h5 Ke8 64. Bf6 Be3 65.
Kg6 Kf8 66. h6
1-0

[Event "Oslo Chess International - Håvard Vederhus' memorial"]
[Site "Ullevaal Stadion"]
[Date "2013.09.29"]
[Round "5"]
[White "Donchenko, Alexander"]
[Black "Kvisvik, Brede Alex."]
[Result "1-0"]
[WhiteElo "2467"]
[BlackElo "2270"]
[PlyCount "55"]
[EventDate "2013.??.??"]

1. d4 d5 2. c4 dxc4 3. Nf3 Nf6 4. e3 b5 5. a4 b4 6. Bxc4 e6 7. O-O Be7 8. Nbd2
Bb7 9. a5 Nbd7 10. Qe2 Rc8 11. Ba6 Bxa6 12. Qxa6 c5 13. Qxa7 Ra8 14. Qb7 Rxa5
15. Rxa5 Qxa5 16. Nb3 Qb6 17. Qxb6 Nxb6 18. Nxc5 Bxc5 19. dxc5 Nbd5 20. Bd2 Ke7
21. Rc1 Ra8 22. Ne5 Ne4 23. Be1 Nxc5 24. Rxc5 Ra1 25. Nf3 Rb1 26. g3 b3 27. Rb5
Rxb2 28. Nd2
1-0

[Event "Oslo Chess International - Håvard Vederhus' memorial"]
[Site "Ullevaal Stadion"]
[Date "2013.09.29"]
[Round "5"]
[White "Trent, Lawrence"]
[Black "Nagarajan, Raghavi"]
[Result "1/2-1/2"]
[WhiteElo "2440"]
[BlackElo "2174"]
[PlyCount "83"]
[EventDate "2013.??.??"]

1. e4 e5 2. Nf3 Nc6 3. Bb5 a6 4. Ba4 Nf6 5. O-O Be7 6. d3 b5 7. Bb3 d6 8. a3
O-O 9. Nc3 Bg4 10. Be3 Qd7 11. Nd5 Nxd5 12. Bxd5 Be6 13. c4 Rab8 14. Qc2 b4 15.
c5 Bxd5 16. exd5 Nd4 17. Bxd4 exd4 18. c6 Qc8 19. Qc4 bxa3 20. b4 Bf6 21. Rxa3
Rb5 22. h3 h6 23. Re1 Qb8 24. Ra4 Qb6 25. Rea1 Qb8 26. Nd2 Kh7 27. Nf3 Re8 28.
g3 Re2 29. Nxd4 Bxd4 30. Qxd4 Re5 31. Qf4 Qc8 32. d4 Rexd5 33. Qe4+ Qf5 34.
Qxf5+ Rxf5 35. Rxa6 Rxb4 36. Ra7 Rxd4 37. R1a2 Rc4 38. Rxc7 d5 39. Rd2 Rf6 40.
Kg2 Rcxc6 41. Rxc6 Rxc6 42. Rxd5
1/2-1/2

[Event "Oslo Chess International - Håvard Vederhus' memorial"]
[Site "Ullevaal Stadion"]
[Date "2013.09.29"]
[Round "5"]
[White "Grønn, Atle"]
[Black "Andersen, Alf Roger"]
[Result "1-0"]
[WhiteElo "2372"]
[BlackElo "2207"]
[PlyCount "53"]
[EventDate "2013.??.??"]

1. Nf3 b6 2. g3 Bb7 3. Bg2 e5 4. O-O e4 5. Ne1 Nf6 6. c4 Nc6 7. Nc3 Qe7 8. d3
exd3 9. Nxd3 O-O-O 10. Bg5 Qe6 11. Nd5 Qf5 12. Bxf6 gxf6 13. e4 Qe6 14. Qh5 Ne5
15. Bh3 Qd6 16. Nxe5 Qxe5 17. Qxf7 Qxe4 18. Rae1 Bxd5 19. cxd5 Qg6 20. Bxd7+
Kb8 21. Qe6 Bd6 22. Bc6 a6 23. Re4 f5 24. Ra4 a5 25. Qe2 Ka7 26. Rxa5+ bxa5 27.
Qb5
1-0

[Event "Oslo Chess International - Håvard Vederhus' memorial"]
[Site "Ullevaal Stadion"]
[Date "2013.09.29"]
[Round "5"]
[White "Røyset, Pål"]
[Black "Devereaux, Maxim L"]
[Result "1/2-1/2"]
[WhiteElo "2179"]
[BlackElo "2369"]
[PlyCount "81"]
[EventDate "2013.??.??"]

1. e4 c5 2. Nf3 Nc6 3. c3 Nf6 4. e5 Nd5 5. d4 cxd4 6. cxd4 d6 7. Bc4 Nb6 8. Bb3
d5 9. h3 Bf5 10. Nc3 e6 11. O-O h6 12. Be3 Be7 13. Ne1 Na5 14. g4 Bh7 15. Ng2
h5 16. Qe2 Nxb3 17. axb3 hxg4 18. hxg4 a6 19. f4 Qd7 20. Rac1 Bb4 21. Bd2 Rc8
22. Na4 Rxc1 23. Rxc1 Bxd2 24. Qxd2 Nxa4 25. bxa4 O-O 26. Qa5 Be4 27. Rc7 b6
28. Qxb6 Qxa4 29. Rc1 a5 30. Ne3 Qb4 31. Qxb4 axb4 32. Rc6 f6 33. Rxe6 fxe5 34.
fxe5 Rf3 35. Nf5 Rf4 36. Re8+ Kh7 37. Ne3 Rf3 38. Nf5 Rf4 39. Ne3 Rf3 40. Nf5
Rf4 41. Ne3
1/2-1/2

[Event "Oslo Chess International - Håvard Vederhus' memorial"]
[Site "Ullevaal Stadion"]
[Date "2013.09.29"]
[Round "5"]
[White "Schmitz, Thorsten"]
[Black "Koskela, Niina"]
[Result "1-0"]
[WhiteElo "2322"]
[BlackElo "2220"]
[PlyCount "79"]
[EventDate "2013.??.??"]

1. e4 e5 2. Nf3 Nc6 3. Bc4 Bc5 4. d3 Nf6 5. Nc3 d6 6. Bg5 h6 7. Bxf6 Qxf6 8.
Nd5 Qd8 9. c3 O-O 10. d4 Bb6 11. dxe5 Nxe5 12. Be2 Be6 13. O-O Nxf3+ 14. Bxf3
Bxd5 15. Qxd5 Rb8 16. Rad1 Qf6 17. Qd3 Rfe8 18. Rd2 Qe6 19. b3 Qe5 20. Qc2 c6
21. g3 h5 22. Bg2 h4 23. Kh1 hxg3 24. fxg3 Re6 25. Rf5 Qxf5 26. exf5 Re1+ 27.
Bf1 Rxf1+ 28. Kg2 Rg1+ 29. Kh3 d5 30. Re2 Rf1 31. Qd3 Kf8 32. g4 f6 33. g5 fxg5
34. Qg3 g4+ 35. Kh4 Rd8 36. Qe5 Rf2 37. Qe7+ Kg8 38. Rxf2 Bxf2+ 39. Kxg4 Bb6
40. f6
1-0

[Event "Oslo Chess International - Håvard Vederhus' memorial"]
[Site "Ullevaal Stadion"]
[Date "2013.09.29"]
[Round "5"]
[White "Kvisla, Johannes"]
[Black "Lundin, Jan"]
[Result "1/2-1/2"]
[WhiteElo "2157"]
[BlackElo "2285"]
[PlyCount "88"]
[EventDate "2013.??.??"]

1. d4 Nf6 2. c4 c5 3. d5 b5 4. cxb5 a6 5. bxa6 Bxa6 6. Nc3 d6 7. e4 Bxf1 8.
Kxf1 g6 9. Nf3 Bg7 10. g3 O-O 11. Kg2 Nbd7 12. Qe2 Nb6 13. a4 Qd7 14. a5 Qb7
15. Ra3 Nbd7 16. a6 Qc7 17. Bg5 Rfb8 18. Rha1 h6 19. Bc1 Ne8 20. Nd2 Nb6 21.
Nb3 e6 22. a7 Rc8 23. dxe6 fxe6 24. Ra6 Kh7 25. Bf4 c4 26. Be3 Nd7 27. Nd4 Bxd4
28. Bxd4 Nc5 29. Bxc5 Qxc5 30. R1a5 Qc7 31. Nb5 Qd7 32. e5 d5 33. Nd4 Ng7 34.
Qf3 Rc7 35. Qa3 Rb7 36. Rd6 Qf7 37. Nc6 Rb3 38. Qxb3 cxb3 39. Rd8 Qb7 40. Rxa8
Qxa8 41. Rb5 Qxc6 42. Rb8 Qc2 43. h4 Qe4+ 44. Kg1 Qe1+
1/2-1/2

[Event "Oslo Chess International - Håvard Vederhus' memorial"]
[Site "Ullevaal Stadion"]
[Date "2013.09.29"]
[Round "5"]
[White "Martinsen, Stig K."]
[Black "Dolzhikova, Olga"]
[Result "1-0"]
[WhiteElo "2134"]
[BlackElo "2237"]
[PlyCount "95"]
[EventDate "2013.??.??"]

1. Nf3 Nf6 2. c4 d5 3. cxd5 Nxd5 4. d4 e6 5. e4 Nf6 6. Nc3 c5 7. Bg5 Qa5 8.
Bxf6 gxf6 9. Bb5+ Bd7 10. Bxd7+ Nxd7 11. d5 Qa6 12. Qe2 Qxe2+ 13. Kxe2 O-O-O
14. Rhd1 Nb6 15. Rac1 Bh6 16. Rc2 Kb8 17. g3 Rhe8 18. dxe6 fxe6 19. Rxd8+ Rxd8
20. e5 f5 21. Nb5 Rd5 22. Nc3 Rd8 23. Nb5 Rc8 24. Nd6 Rc7 25. Ne8 Rc6 26. Nf6
Bg7 27. Ng5 Nd5 28. Rxc5 Nxf6 29. Rxc6 bxc6 30. exf6 Bxf6 31. Nxe6 Bxb2 32. Kd3
Kb7 33. Ng5 Kb6 34. Nxh7 Kc5 35. Kc2 Bd4 36. f3 Bg1 37. h3 Kd4 38. g4 f4 39.
Ng5 Ke3 40. h4 Bf2 41. h5 Bh4 42. Ne6 Kxf3 43. g5 Ke3 44. h6 f3 45. h7 f2 46.
h8=Q f1=Q 47. Qe5+ Kf2 48. Qf5+
1-0

[Event "Oslo Chess International - Håvard Vederhus' memorial"]
[Site "Ullevaal Stadion"]
[Date "2013.09.29"]
[Round "5"]
[White "Vea, Odin Blikra"]
[Black "Merkesvik, Sondre"]
[Result "1-0"]
[WhiteElo "2226"]
[BlackElo "2055"]
[PlyCount "63"]
[EventDate "2013.??.??"]

1. e4 c5 2. Nf3 d6 3. d4 cxd4 4. Nxd4 Nf6 5. Nc3 g6 6. Be3 Nc6 7. f3 Bg7 8. Qd2
O-O 9. O-O-O Nxd4 10. Bxd4 Be6 11. Kb1 a6 12. g4 b5 13. h4 b4 14. Nd5 Bxd5 15.
exd5 a5 16. h5 Qd7 17. Qh2 Rfb8 18. hxg6 hxg6 19. Be3 a4 20. Bh6 Bh8 21. b3 Ra5
22. Bf8 Nh5 23. Bh6 Nf6 24. Bc4 Raa8 25. Rde1 Ra5 26. Bf8 Nh5 27. Bxe7 Be5 28.
Rxe5 dxe5 29. Qxe5 Rc8 30. Rxh5 gxh5 31. Qg5+ Kh7 32. Bd3+
1-0

[Event "Oslo Chess International - Håvard Vederhus' memorial"]
[Site "Ullevaal Stadion"]
[Date "2013.09.29"]
[Round "5"]
[White "Grønnestad, Anita"]
[Black "Bjerke, Richard"]
[Result "0-1"]
[WhiteElo "1995"]
[BlackElo "2173"]
[PlyCount "82"]
[EventDate "2013.??.??"]

1. c4 e5 2. Nc3 d6 3. g3 Nc6 4. Bg2 Be6 5. Nd5 Qd7 6. e3 Nd8 7. b3 c6 8. Nc3 f5
9. d4 Nf6 10. d5 Bf7 11. Nge2 c5 12. a3 Rc8 13. O-O Be7 14. Bb2 O-O 15. Qd2 Bh5
16. f4 e4 17. Nd1 Nf7 18. Nf2 a6 19. Rae1 b5 20. Nh3 h6 21. Qc3 Rb8 22. cxb5
Qxb5 23. Nc1 Rfc8 24. Rf2 Bd8 25. Bf1 Qb7 26. Rd2 a5 27. Nf2 a4 28. Bc4 axb3
29. Nxb3 Qa7 30. h3 Bf3 31. Ra1 Qa4 32. Kh2 Rb7 33. Rb1 Rcb8 34. Ba1 Ba5 35.
Nxa5 Rxb1 36. Nc6 R8b7 37. Bb2 R1xb2 38. Rxb2 Rxb2 39. Qxb2 Qxc4 40. Ne7+ Kh7
41. Nxf5 Qf1
0-1

[Event "Oslo Chess International - Håvard Vederhus' memorial"]
[Site "Ullevaal Stadion"]
[Date "2013.09.29"]
[Round "5"]
[White "Mikalsen, Erlend"]
[Black "Strand, Håkon"]
[Result "1/2-1/2"]
[WhiteElo "2145"]
[BlackElo "2151"]
[PlyCount "82"]
[EventDate "2013.??.??"]

1. e4 e6 2. d4 d5 3. Nc3 Nf6 4. Bg5 dxe4 5. Nxe4 Be7 6. Bxf6 gxf6 7. Nf3 f5 8.
Nc3 a6 9. g3 b5 10. Bg2 Bb7 11. O-O O-O 12. Qd2 Bf6 13. a4 b4 14. Ne2 a5 15.
Nf4 c5 16. Nh5 Bg7 17. Rfd1 Nd7 18. Qf4 c4 19. g4 Be4 20. gxf5 Bxf5 21. Nh4
Bxc2 22. Rdc1 Bg6 23. Nxg7 Rc8 24. Qh6 Nf6 25. Nxg6 hxg6 26. Nxe6 fxe6 27.
Qxg6+ Kh8 28. Qh6+ Nh7 29. Qe3 Qh4 30. Rc2 Rf6 31. Rf1 Rg6 32. Kh1 Rh6 33. Qe5+
Nf6 34. h3 Rg8 35. Qxe6 Qxd4 36. Qxc4 Qd7 37. f4 Qxa4 38. Bc6 Qxc2 39. Qxc2
Rxh3+ 40. Qh2 Rxh2+ 41. Kxh2 Rd8
1/2-1/2

[Event "Oslo Chess International - Håvard Vederhus' memorial"]
[Site "Ullevaal Stadion"]
[Date "2013.09.29"]
[Round "6"]
[White "Istratescu, Andrei"]
[Black "Haugli, Petter"]
[Result "1-0"]
[WhiteElo "2646"]
[BlackElo "2293"]
[PlyCount "149"]
[EventDate "2013.??.??"]

1. e4 c5 2. Nf3 e6 3. d4 cxd4 4. Nxd4 Bc5 5. Be3 Qb6 6. Na3 Qa5+ 7. Bd2 Qd8 8.
Ndb5 d5 9. Bf4 Na6 10. exd5 exd5 11. c3 Nf6 12. Bd3 O-O 13. O-O Bg4 14. Qa4 Qd7
15. b4 Bb6 16. Rae1 Rfe8 17. Qc2 Rxe1 18. Rxe1 Re8 19. Rxe8+ Qxe8 20. Kf1 d4
21. Nd6 Qe7 22. Bc4 Be6 23. b5 Nc7 24. cxd4 Nfd5 25. Bg3 Bxd4 26. Bb3 b6 27.
Nac4 Bc5 28. h3 Qf6 29. Kg1 Qa1+ 30. Kh2 Qd4 31. Qe2 Nf6 32. Nxf7 Bxf7 33. Bxc7
Qxf2 34. Qxf2 Bxf2 35. Bb8 Nd7 36. Bxa7 Bc5 37. Kg3 Kf8 38. Nd2 Bxb3 39. Nxb3
Bd6+ 40. Kf3 Ke7 41. Ke4 Nf6+ 42. Kd4 Bc7 43. Nd2 Ke6 44. Nc4 Nd7 45. a4 Bd8
46. Nd2 Kd6 47. Ne4+ Kc7 48. a5 bxa5 49. Kc4 Be7 50. Nc3 Kb7 51. Be3 Bf6 52.
Nd5 Bd8 53. Bd4 g6 54. Kb3 Nf8 55. Bf6 Bb6 56. Kc4 Nd7 57. Bc3 Bd8 58. Kd4 Bb6+
59. Nxb6 Kxb6 60. Kc4 Nf8 61. Bd4+ Kb7 62. Kd5 a4 63. h4 a3 64. Kd6 Kc8 65. b6
Nd7 66. Ke7 a2 67. b7+ Kc7 68. Kf7 Nc5 69. Kg8 Ne6 70. Be5+ Kxb7 71. Kxh7 g5
72. h5 Nf4 73. h6 Nxg2 74. Kg7 Nf4 75. h7
1-0

[Event "Oslo Chess International - Håvard Vederhus' memorial"]
[Site "Ullevaal Stadion"]
[Date "2013.09.29"]
[Round "6"]
[White "Getz, Nicolai"]
[Black "Postny, Evgeny"]
[Result "0-1"]
[WhiteElo "2358"]
[BlackElo "2628"]
[PlyCount "85"]
[EventDate "2013.??.??"]

1. e4 e5 2. Nf3 Nc6 3. Bb5 a6 4. Ba4 Nf6 5. O-O Be7 6. Re1 b5 7. Bb3 d6 8. c3
Na5 9. Bc2 c5 10. d4 Qc7 11. h3 Bd7 12. Nbd2 cxd4 13. cxd4 Rc8 14. Bb1 O-O 15.
a3 Nc6 16. Nb3 a5 17. d5 Nb8 18. Bd2 a4 19. Nc1 Na6 20. Nd3 Qb8 21. Bc3 Bd8 22.
Qd2 Re8 23. Ba2 Bb6 24. g4 Nc5 25. Nxc5 Bxc5 26. Kg2 Qb6 27. Rac1 h6 28. Re2 b4
29. axb4 Bxb4 30. Ree1 Bxc3 31. bxc3 Rb8 32. Nh2 Qc5 33. Nf1 a3 34. Qe3 Qxe3
35. Rxe3 Rb2 36. Ra1 Ba4 37. Ng3 Bc2 38. Kf3 g6 39. c4 Ra8 40. Rc3 Nd7 41. Ke3
Nc5 42. f3 Bb3 43. Bb1
0-1

[Event "Oslo Chess International - Håvard Vederhus' memorial"]
[Site "Ullevaal Stadion"]
[Date "2013.09.29"]
[Round "6"]
[White "Rozentalis, Eduardas"]
[Black "Johannessen, Leif E"]
[Result "1/2-1/2"]
[WhiteElo "2614"]
[BlackElo "2519"]
[PlyCount "35"]
[EventDate "2013.??.??"]

1. e4 e5 2. Nf3 Nc6 3. Nc3 Nf6 4. g3 d5 5. exd5 Nxd5 6. Bg2 Nxc3 7. bxc3 Bd6 8.
O-O O-O 9. d3 h6 10. Nd2 Be6 11. Nc4 Bxc4 12. dxc4 f5 13. Qd5+ Kh8 14. Rb1 Rb8
15. c5 Be7 16. Qc4 e4 17. Bf4 Bg5 18. Rbd1
1/2-1/2